Quizzes
Events
Quiz Creation
Community
Videos
Private Events
Remove Ads
Sign In
Join for FREE
Feedback
Dark Mode
Quiz Categories
Sports
Geography
Music
Movies
Television
Just For Fun
Miscellaneous
History
Literature
Language
Science
Gaming
Entertainment
Religion
Holiday
For Kids
Quiz Lab
Recent
Popular Today
Quiz Kudos Today
Editor Picks
Curator Picks
Quizzes by...
Day
Popularity
Type
Ratings
Length
Year
Community
Subscriptions
Recent Discussions
Orange Saloon
Badges
Playlists
Quests
Create
Leaderboards
Showdown
Live 5
Trivia Bingo
Activity
Puzzle Library
Sporcle Events
Private Events
Virtual Trivia
Globe League
Become a Host
Pub Owners
SporcleCon
Opinionation
Our Games
Videos
Blog
Mobile Apps
Partnerships
Remove Ads and Go Orange
Feedback
Sports
Athletes
MLB
NBA
NHL
NFL
Soccer
Sports Teams
WWE
NCAA
Football
Premier League
Basketball
Baseball
Hockey
Golf
Tennis
Cricket
Rugby
Auto Racing
Olympics
World Cup
Sports
Athletes
MLB
NBA
NHL
NFL
Soccer
Sports Teams
WWE
NCAA
Football
Premier League
Basketball
Baseball
Hockey
Golf
Tennis
Cricket
Rugby
Auto Racing
Olympics
World Cup
Random Quiz
Search Sporcle
×
Quiz Lab
Quiz Lab
Sports
The Eagles
Type in answers that appear in a list
Type in answers that appear in a list
Classic
Best Score? Go Orange.
Eastbourne Eagles Riders 2005-2021 Stats
Can you name the Eastbourne Eagles Riders 2005-2021?
By
Adam888
20m
157 Questions
40 Plays
40 Plays
40 Plays
Comments
Comments
Give Quiz Kudos
Give Quiz Kudos
-
- Ratings
hide this ad
More Info
Replay
Link that replays current quiz
Next Quiz
Link to next quiz in quiz playlist
You Got
0%
They Got
Avg Score
30%
Avg Friend Score
Upgrade to see
Score Distribution
Jump to the score distribution portion of the page
Score
0/157
Timer
20:00
0
Plays Today
Year
Answer
% Correct
2021
Edward Kennett
100%
2019
Edward Kennett
87%
2006
Edward Kennett
76.9%
2008
Edward Kennett
76.9%
2019
Georgie Wood
73.9%
2015
Kelsey Dugard
71.8%
2017
Kelsey Dugard
71.8%
2019
Richard Lawson
69.6%
2015
Georgie Wood
69.2%
2016
Georgie Wood
69.2%
2017
Georgie Wood
69.2%
2018
Georgie Wood
69%
2018
Kelsey Dugard
69%
2005
David Norris
61.5%
2005
Dean Barker
61.5%
2006
David Norris
61.5%
2006
Dean Barker
61.5%
2007
Dean Barker
61.5%
2007
David Norris
61.5%
2009
David Norris
61.5%
2006
Cameron Woodward
59%
2007
Cameron Woodward
59%
2008
Cameron Woodward
59%
2009
Cameron Woodward
59%
2010
Cameron Woodward
59%
2011
Cameron Woodward
59%
2012
Cameron Woodward
59%
2013
Cameron Woodward
59%
2014
Cameron Woodward
59%
2019
Lewis Kerr
56.5%
2019
Alfie Bowtell
56.5%
2011
Bjarne Pedersen
56.4%
2013
Bjarne Pedersen
56.4%
2014
Bjarne Pedersen
56.4%
2019
Tom Brennan
55.6%
2018
Tom Brennan
55.2%
2005
Nicki Pedersen
53.8%
2006
Nicki Pedersen
53.8%
2007
Nicki Pedersen
53.8%
2019
Kyle Newman
52.2%
2007
Simon Gustafsson
51.3%
2008
Simon Gustafsson
51.3%
2009
Simon Gustafsson
51.3%
2010
Simon Gustafsson
51.3%
2011
Simon Gustafsson
51.3%
2012
Simon Gustafsson
51.3%
2013
Simon Gustafsson
51.3%
2016
Tom Brennan
51.3%
2017
Tom Brennan
51.3%
2019
Ben Morley
50%
2021
Richard Lawson
50%
2021
Lewis Kerr
50%
2021
Tom Brennan
50%
Year
Answer
% Correct
2021
Kyle Newman
50%
2021
Drew Kemp
50%
2021
Nathan Ablitt
50%
2008
Lee Richardson
48.7%
2006
Lewis Bridger
43.6%
2007
Lewis Bridger
43.6%
2008
Scott Nicholls
43.6%
2008
Lewis Bridger
43.6%
2009
Lewis Bridger
43.6%
2011
Lewis Bridger
43.6%
2012
Lewis Bridger
43.6%
2019
Jason Edwards
43.5%
2016
Luke Harris
38.5%
2017
Josh Bailey
38.5%
2016
Charley Powell
35.9%
2017
Charley Powell
35.9%
2017
Mark Baseby
35.9%
2018
Mark Baseby
34.5%
2018
Jason Edwards
34.5%
2009
Lukas Dryml
33.3%
2010
Lukas Dryml
33.3%
2011
Lukas Dryml
33.3%
2011
Timo Lahti
33.3%
2012
Timo Lahti
33.3%
2012
Lukas Dryml
33.3%
2013
Lukas Dryml
33.3%
2013
Timo Lahti
33.3%
2014
Timo Lahti
33.3%
2015
Bradley Wilson-Dean
33.3%
2018
Charley Powell
31%
2018
Charlie Brooks
31%
2018
Ethan Spiller
31%
2010
Joonas Kylmakorpi
30.8%
2011
Joonas Kylmakorpi
30.8%
2012
Joonas Kylmakorpi
30.8%
2014
Joonas Kylmakorpi
30.8%
2016
Jake Knight
30.8%
2017
Jake Knight
30.8%
2005
Davey Watt
28.2%
2007
Davey Watt
28.2%
2009
Davey Watt
28.2%
2015
Danny Warwick
28.2%
2010
Matej Zagar
25.6%
2014
Daniel Halsey
25.6%
2015
Daniel Spiller
25.6%
2016
Adam Ellis
25.6%
2005
Adam Shields
23.1%
2006
Adam Shields
23.1%
2008
James Brundle
23.1%
2013
Adam Shields
23.1%
2014
Lewis Blackbird
23.1%
2015
Marc Owen
23.1%
2015
Mattie Bates
23.1%
Year
Answer
% Correct
2016
Ellis Perks
23.1%
2017
Mattie Bates
23.1%
2013
Mikkel Michelsen
20.5%
2014
Mikkel Michelsen
20.5%
2015
Ben Hopwood
20.5%
2015
David Mason
20.5%
2016
Ben Hopwood
20.5%
2015
Richard Andrews
17.9%
2016
Richard Andrews
17.9%
2017
Connor Coles
17.9%
2013
Kim Nilsson
15.4%
2014
Kim Nilsson
15.4%
2005
Oliver Allen
12.8%
2015
Niall Strudwick
12.8%
2005
Andrew Moore
10.3%
2005
Steen Jensen
10.3%
2005
Troy Batchelor
10.3%
2006
Andrew Moore
10.3%
2012
Dennis Gizatulin
10.3%
2013
Dennis Gizatulin
10.3%
2015
Gary Cottham
10.3%
2016
Gary Cottham
10.3%
2016
Kyle Hughes
10.3%
2017
Matt Saul
10.3%
2006
Kevin Doolan
7.7%
2007
Roman Povazhny
7.7%
2007
Stefan Andersson
7.7%
2007
Denis Gizatulin
7.7%
2009
Ricky Kling
7.7%
2010
Ricky Kling
7.7%
2010
Dawid Lampart
7.7%
2011
Dawid Lampart
7.7%
2016
Nick Phillips
7.7%
2017
Charlie Saunders
7.7%
2005
Trevor Harding
5.1%
2007
Morten Risager
5.1%
2007
Trevor Harding
5.1%
2007
Morten Risager
5.1%
2009
Daniel Nermark
5.1%
2011
Taylor Poole
5.1%
2005
Richard Hall
2.6%
2006
Brent Werner
2.6%
2008
Tomas Suchanek
2.6%
2008
Brent Werner
2.6%
2009
Chris Schramm
2.6%
2010
Tomasz Jedrzejak
2.6%
2010
Chris Schramm
2.6%
2005
Adam Allott
0%
2006
Jason Bunyan
0%
2006
Andrew Appleton
0%
2021
Jason Edwards
0%
Quiz Playlist
Details
Report
Send in Message
Add To Playlist
More Info:
Order of Averages based on end of season declarations. No team in 2020 due to the COVID-19 pandemic.
Classic:
Type in answers that appear in a list
Last Updated: Nov 19, 2022
Quiz Scoreboard
CHALLENGE
Sign Up to Join the Scoreboard
Show All
Scores
Hide
Comments
May contain spoilers
Recently Published
1-10 Letter E Words III
by El_Dandy
Language
2m
One Thing in Common: World Cities II
by knightlancer
Geography
7m
Popular People in 1961
by mucciniale
History
6m
More to Explore
Quiz From the Vault
Featured Blog Post
Where Did the Easter Bunny Come From?
hide this ad
You Might Also Like...
Tags
Arlington
British
eagle
Eastbourne
National League
Speedway
Speedway League
The Eagles
Today's Top Quizzes in Sports
Browse Sports
hide this ad
Today's Top Quizzes in The Eagles
Browse The Eagles
Top Contributed Quizzes in Sports
1
Les meilleurs buteurs des matchs entre le PSG et l’OM
2
Les entraîneurs de l'OM et du PSG au 21e siècle
3
2022 World Cup Stars
4
FIFA Club World Cup Champions
5
Name the Premier League winners with different clubs
6
La finale Lions - Afrique du Sud 2021
7
Criteria MLB: Left Handed Sluggers
8
Players with Multiple 50 Home Run Seasons
9
MLB Players with Two .350 Batting Average Seasons
10
MLB Hall of Famer by Rings
Explore More
Trending Topics
Harry Potter
Kpop
Crossword
Disney
Marvel
NBA
Anime
WWE
Pokémon
NFL
The Office
Puzzle
Country
Song
Soccer
hide this ad
More By:
Adam888
Quiz
Plays
Rating
Category
Featured
Created
England 2022 T20 World Cup Squad
79
Sports
Nov 19, 2022
Eastbourne Eagles Riders 2005-2021
40
Sports
Nov 24, 2017
Eastbourne Eagles Riders 2015
27
Sports
Nov 26, 2015
Eastbourne Borough 2015-16 Squad
17
Sports
Dec 1, 2012
Eastbourne Eagles Maximums 2015-18
16
Sports
Nov 24, 2017
Go to Creator's Profile
Score Distribution
Quiz Creator Spotlight
Adam888
Follow
Send a Message
Quizzes Created
-
Created Quiz Play Count
-
More By This Creator
Popular Quizzes Today
1
Find the US States - No Outlines Minefield
2
The Countries of the World
3
Popular People in 1961
4
Find the Countries of Europe - No Outlines Minefield
5
1-10 Letter E Words III
6
Find the US States
7
One Thing in Common: World Cities II
8
US States
More Sports Quizzes
Paris Saint-Germain Line-ups 2011-2023
Quiz Lab
Trending Quizzes
1-10 Letter F Words
1-10 Letter G Words
Risky Map Clicking: Next State Alphabetically
1-10 Letter F Words II
Risky Map Clicking: States by Unique Starting Letters
Recently Updated
Leaping Animals
pecheneg
Reality TV Shows (A-Z)
bhenderson79
Rickey Henderson's Hall of Fame Teammates
pecheneg
Champions League XIs: Arsenal
pecheneg
Quick Pick: Celebrities in WWE's Hall of Fame
aduchscher
A-Z Keypad Blitz II
pecheneg
Multiple Oscar Actors
pecheneg
Mystery Phrase Blitz: Oscar 'Best Actors'
pecheneg
F. Scott Fitzgerald Novels
LTH
Pick 3 Villains
ddd62291
Trending Topics
NBA
Marvel
Disney
Anime
Crossword
Kpop
Harry Potter
Puzzle
NFL
Soccer
Pokémon
Song
The Office
Country
WWE
Your Account Isn't Verified!
In order to create a playlist on Sporcle, you need to verify the email address you used during registration. Go to your
Sporcle Settings
to finish the process.
Report this User
Report this user for behavior that violates our
Community Guidelines
.
Details:
Send Report
Go to the Sporcle.com Mobile Site →
Comments